MARC details
| 000 -BAŞLIK |
| Sabit Uzunluktaki Kontrol Alanı |
01903nam a22005057a 4500 |
| 001 - KONTROL NUMARASI |
| Control Dosyası |
0031100 |
| 003 - KONTROL NUMARASI KİMLİĞİ |
| Kontrol Alanı |
KOHA_MİRAKIL |
| 005 - EN SON İŞLEM TARİHİ ve ZAMANI |
| Kontrol Alanı |
20260207002750.0 |
| 007 - FİZİKSEL TANIM SABİT ALAN - GENEL BİLGİ |
| Sabit uzunluklu kontrol alanı |
ta |
| 008 - SABİT UZUNLUKTAKİ VERİ ÖGELERİ - GENEL BİLGİ |
| Sabit Alan |
110810b2009 tu |||gr||||#||||0|eng | |
| 020 ## - ISBN - ULUSLARARASI STANDART KİTAP NUMARASI |
| Isbn |
9786053991205 |
| 040 ## - KATALOGLAMA KAYNAĞI |
| Özgün Kataloglama Kurumu |
TR-BiSEU |
| Kataloglama Dili |
tur |
| Çeviri Kurumu |
TR-BiSEU |
| Açıklama Kuralları |
rda |
| 041 0# - DİL KODU |
| Metin ya da ses kaydının dil kodu |
eng |
| 044 ## - YAYINLAYAN/ÜRETEN KURULUŞUN ÜLKE KODU |
| ISO country code |
tu |
| 050 ## - SINIFLAMA ve YER NUMARASI |
| Sınıflama Numarası |
HC492 |
| Yer Numarası |
.Y35 2009 |
| 100 1# - KİŞİ ADI |
| Yazar Adı (Kişi adı) |
Yalman, Galip L.. |
| 245 1# - ESER ADI BİLDİRİMİ |
| Başlık |
Transition to neoliberalism/ |
| Sorumluluk Bildirimi |
Galip L. Yalman ; Galip L. Yalman. |
| 264 #1 - ÜRERİM, YAYIN, DAĞITIM ve TELİF BİLDİRİMİ |
| Yayın yeri |
İstanbul : |
| Yayınlayan |
İstanbul Bilgi Üniversitesi |
| Yayın tarihi |
2009 |
| 300 ## - FİZİKSEL TANIMLAMA |
| Sayfa, Cilt vb. |
ix, 431 s. ; |
| Boyutları |
24 cm. |
| 336 ## - İÇERİK TÜRÜ |
| Content type term |
metin |
| Content type code |
txt |
| Source |
rdacontent |
| 337 ## - MEDYA TÜRÜ |
| Media type term |
aracısız |
| Media type code |
n |
| Source |
rdamedia |
| 338 ## - TAŞIYICI TÜRÜ |
| Carrier type term |
cilt |
| Carrier type code |
nc |
| Source |
rdacarrier |
| 490 1# - DİZİ BİLDİRİMİ |
| Dizi Bildirimi |
İstanbul Bilgi Üniversitesi yayınları ; |
| Cilt Numarası |
272. |
| 490 1# - DİZİ BİLDİRİMİ |
| Dizi Bildirimi |
Political economy ; |
| Cilt Numarası |
1. |
| 500 ## - GENEL NOT |
| Genel Not |
Karton kapak (Paperback) |
| 650 #0 - KONU BAŞLIĞI EK GİRİŞ - KONU TERİMİ |
| Konusal terim veya coğrafi ad |
Neoliberalism--Turkey. |
| 9 (RLIN) |
61287 |
| 650 #0 - KONU BAŞLIĞI EK GİRİŞ - KONU TERİMİ |
| Konusal terim veya coğrafi ad |
Neoliberalizm--Türkiye. |
| 9 (RLIN) |
61288 |
| 650 #0 - KONU BAŞLIĞI EK GİRİŞ - KONU TERİMİ |
| Konusal terim veya coğrafi ad |
Globalization--Economic aspects--Turkey. |
| 9 (RLIN) |
56667 |
| 650 #0 - KONU BAŞLIĞI EK GİRİŞ - KONU TERİMİ |
| Konusal terim veya coğrafi ad |
Küreselleşme--Ekonomik yönleri--Türkiye. |
| 9 (RLIN) |
56665 |
| 650 #0 - KONU BAŞLIĞI EK GİRİŞ - KONU TERİMİ |
| Konusal terim veya coğrafi ad |
Globalization--Political aspects--Turkey. |
| 9 (RLIN) |
61289 |
| 650 #0 - KONU BAŞLIĞI EK GİRİŞ - KONU TERİMİ |
| Konusal terim veya coğrafi ad |
Küreselleşme--Siyasal yönleri--Türkiye. |
| 9 (RLIN) |
61290 |
| 650 #0 - KONU BAŞLIĞI EK GİRİŞ - KONU TERİMİ |
| Konusal terim veya coğrafi ad |
Democratization--Turkey. |
| 9 (RLIN) |
22830 |
| 650 #0 - KONU BAŞLIĞI EK GİRİŞ - KONU TERİMİ |
| Konusal terim veya coğrafi ad |
Demokratikleşme--Türkiye. |
| 9 (RLIN) |
22839 |
| 650 #0 - KONU BAŞLIĞI EK GİRİŞ - KONU TERİMİ |
| Konusal terim veya coğrafi ad |
Turkey--Foreign Economic Reletions. |
| 9 (RLIN) |
61291 |
| 650 #0 - KONU BAŞLIĞI EK GİRİŞ - KONU TERİMİ |
| Konusal terim veya coğrafi ad |
Türkiye--Dış ekonomik ilişkiler. |
| 9 (RLIN) |
33342 |
| 650 #0 - KONU BAŞLIĞI EK GİRİŞ - KONU TERİMİ |
| Konusal terim veya coğrafi ad |
Turkey--Economic policy. |
| 9 (RLIN) |
2265 |
| 650 #0 - KONU BAŞLIĞI EK GİRİŞ - KONU TERİMİ |
| Konusal terim veya coğrafi ad |
Türkiye--Ekonomi politikası |
| 9 (RLIN) |
2266 |
| 650 #0 - KONU BAŞLIĞI EK GİRİŞ - KONU TERİMİ |
| Konusal terim veya coğrafi ad |
Turkey--Politics and Government--20th Century. |
| 9 (RLIN) |
61292 |
| 650 #0 - KONU BAŞLIĞI EK GİRİŞ - KONU TERİMİ |
| Konusal terim veya coğrafi ad |
Türkiye--Siyaset ve yönetim--20. yüzyıl. |
| 9 (RLIN) |
8372 |
| 650 #0 - KONU BAŞLIĞI EK GİRİŞ - KONU TERİMİ |
| Konusal terim veya coğrafi ad |
Turkey--Social Conditions--1980- |
| 9 (RLIN) |
61293 |
| 650 #0 - KONU BAŞLIĞI EK GİRİŞ - KONU TERİMİ |
| Konusal terim veya coğrafi ad |
Türkiye--Sosyal koşullar-- 1980- |
| 9 (RLIN) |
61294 |
| 830 1# - SERİ EK GİRİŞİ - TEKBİÇİM ESER ADI |
| Tekbiçim Başlık |
İstanbul Bilgi Üniversitesi yayınları ; |
| Volume number/sequential designation |
272. |
| 9 (RLIN) |
14384 |
| 830 1# - SERİ EK GİRİŞİ - TEKBİÇİM ESER ADI |
| Tekbiçim Başlık |
Political economy ; |
| Volume number/sequential designation |
1. |
| 9 (RLIN) |
61295 |
| 942 ## - EK GİRİŞ ÖGELERİ (KOHA) |
| Source of classification or shelving scheme |
Library of Congress Classification |
| Koha item type |
Book |